Growing winds of recession threaten to blow away smaller Asian property developers (Record no. 81033)
[ view plain ]
| 000 -LEADER | |
|---|---|
| fixed length control field | 00919cab a22001935a 4500 |
| 001 - CONTROL NUMBER | |
| control field | L146121 |
| 008 - FIXED-LENGTH DATA ELEMENTS--GENERAL INFORMATION | |
| fixed length control field | 081211s2008 xxkad f s 000 0 eng d |
| 035 ## - SYSTEM CONTROL NUMBER | |
| System control number | (Sirsi) u146121 |
| 041 0# - LANGUAGE CODE | |
| Language code of text/sound track or separate title | eng |
| 110 2# - MAIN ENTRY--CORPORATE NAME | |
| Corporate name or jurisdiction name as entry element | AsiaProperty |
| 9 (RLIN) | 5571 |
| 245 00 - TITLE STATEMENT | |
| Title | Growing winds of recession threaten to blow away smaller Asian property developers |
| 260 ## - PUBLICATION, DISTRIBUTION, ETC. | |
| Date of publication, distribution, etc. | 2008 |
| 490 #0 - SERIES STATEMENT | |
| Series statement | Asia Property |
| Volume/sequential designation | November 2008, 8-9(2) |
| 520 ## - SUMMARY, ETC. | |
| Summary, etc. | Explains that while the downturn in Asia's property markets may not be as severe as the last crash, falling rents and a continuing shortage of debt are likely to result in consolidation among developers. Highlights the fact that weaker demand has now hit China and that Asian central banks have added liquidity to their banking systems. Table shows Asia Pacific rents index 2002-2008. |
| 590 ## - LOCAL NOTE (RLIN) | |
| Local note | KA |
| 651 #4 - SUBJECT ADDED ENTRY--GEOGRAPHIC NAME | |
| Geographic name | Asia |
| 690 ## - LOCAL SUBJECT ADDED ENTRY--TOPICAL TERM (OCLC, RLIN) | |
| Topical term or geographic name as entry element | PROPERTY-COMMERCIAL PROPERTY-COMMERCIAL PROPERTY MARKET |
| 942 ## - ADDED ENTRY ELEMENTS (KOHA) | |
| Suppress in OPAC | 0 |
| Withdrawn status | Lost status | Source of classification or shelving scheme | Damaged status | Not for loan | Home library | Current library | Shelving location | Date acquired | Total Checkouts | Full call number | Barcode | Date last seen | Copy number | Price effective from | Koha item type |
|---|---|---|---|---|---|---|---|---|---|---|---|---|---|---|---|
| Dewey Decimal Classification | London | London | Journal article | 11/12/2008 | L146121 | 146121-1001 | 06/08/2019 | 1 | 06/08/2019 | Journal article |